国連加盟国に承認されている国連非加盟国又は地域 - Statistics

General Stats
  • This quiz has been taken 82 times
  • The average score is 6 of 11
Answer Stats
承認国家数 国又は地域 % Correct
11 中華民国
90%
147 パレスチナ国
78%
1 北キプロス・トルコ共和国
72%
180 バチカン市国
66%
25 ニウエ
62%
65 クック諸島
54%
107 コソボ共和国
53%
5 アブハジア共和国
50%
5 南オセチア共和国
44%
46 サハラ・アラブ民主共和国
40%
1 チェチェン・イチケリア共和国
19%
No matching quizzes found
Score Distribution
Percent of People with Each Score
Percentile by Number Answered
Your Score History
You have not taken this quiz